[Event "SC-2011-0-00105"]
[Site "LSS email"]
[Date "2011.06.27"]
[Round "?"]
[White "Aydin, Nejat"]
[Black "Bascetta, Biagio J"]
[Result "1-0"]
[WhiteElo "1880"]
[BlackElo "1693"]
[PlyCount "67"]
[EventDate "2011.05.12"]
[EventType "tourn (corr)"]
[EventRounds "6"]
[EventCountry "GER"]
[SourceTitle "Telechess CBM 157"]
[Source "ChessBase"]
[SourceDate "2013.11.12"]
[SourceVersion "1"]
[SourceVersionDate "2013.11.12"]
[SourceQuality "1"]

1. e4 e6 2. d4 d5 3. Nc3 Bb4 4. e5 c5 5. a3 Bxc3+ 6. bxc3 Qc7 7. Qg4 f5 8. Qg3 cxd4 9. cxd4 Ne7 10. Ne2 0-0 11. c3 Ng6 12. h4 f4 13. Qh3 f3 14. gxf3 Nf4 15. Bxf4 Rxf4 16. Rg1 Rf7 17. f4 Nc6 18. Qg3 Bd7 19. f5 exf5 20. Bg2 Qa5 21. Rb1 Be6 22. Nf4 Re8 23. Qd3 a6 24. Bf3 Rd7 25. Rg3 Nd8 26. Rb3 Qa4 27. Qb1 Bf7 28. Kf1 b5 29. Qxf5 Ne6 30. Bd1 Rde7 31. Bc2 g6 32. h5 Qc4+ 33. Ne2 Ng7 34. Qg5 1-0

[Event "SC-2011-0-00105"]
[Site "LSS email"]
[Date "2011.06.27"]
[Round "?"]
[White "Aydin, Nejat"]
[Black "Vodicka, Milan"]
[Result "1-0"]
[WhiteElo "1880"]
[BlackElo "1908"]
[PlyCount "69"]
[EventDate "2011.05.12"]
[EventType "tourn (corr)"]
[EventRounds "6"]
[EventCountry "GER"]
[SourceTitle "Telechess CBM 157"]
[Source "ChessBase"]
[SourceDate "2013.11.12"]
[SourceVersion "1"]
[SourceVersionDate "2013.11.12"]
[SourceQuality "1"]

1. e4 e5 2. Nf3 Nc6 3. Bb5 Nf6 4. 0-0 Nxe4 5. d4 Nd6 6. Bxc6 dxc6 7. dxe5 Nf5 8. Qxd8+ Kxd8 9. Nc3 Ke8 10. Rd1 Be7 11. Bg5 Bxg5 12. Nxg5 Ke7 13. Nf3 h5 14. Rd2 Be6 15. Rad1 Rad8 16. b3 Rxd2 17. Rxd2 Rd8 18. Rxd8 Kxd8 19. Ne2 Ke7 20. Nf4 Bd5 21. Nd2 h4 22. Kf1 f6 23. exf6+ Kxf6 24. Nd3 Nd6 25. c4 Be4 26. Nxe4+ Nxe4 27. f3 Nd6 28. Kf2 a5 29. g4 hxg3+ 30. hxg3 b6 31. g4 c5 32. Nb2 g5 33. Ke3 Ke5 34. Nd3+ Ke6 35. a4 1-0

[Event "SC-2011-0-00105"]
[Site "LSS email"]
[Date "2011.06.27"]
[Round "?"]
[White "Lavis, Jon"]
[Black "Aydin, Nejat"]
[Result "0-1"]
[WhiteElo "1946"]
[BlackElo "1880"]
[PlyCount "62"]
[EventDate "2011.05.12"]
[EventType "tourn (corr)"]
[EventRounds "6"]
[EventCountry "GER"]
[SourceTitle "Telechess CBM 157"]
[Source "ChessBase"]
[SourceDate "2013.11.12"]
[SourceVersion "1"]
[SourceVersionDate "2013.11.12"]
[SourceQuality "1"]

1. g3 d5 2. Bg2 Nf6 3. Nf3 c6 4. 0-0 Bg4 5. c4 e6 6. d3 Be7 7. Qb3 Qb6 8. Be3 Qxb3 9. axb3 a6 10. h3 Bxf3 11. Bxf3 Nbd7 12. Nc3 0-0 13. d4 Nb6 14. Na4 Nxa4 15. Rxa4 Ne4 16. Rd1 f5 17. Bf4 g5 18. Be5 Bf6 19. Bc7 Rf7 20. Ba5 Bd8 21. Bc3 Bc7 22. Kg2 h5 23. Bxh5 Rg7 24. Bd2 Nf6 25. g4 Kh7 26. Rh1 Rh8 27. Raa1 Kg8 28. f3 Nxh5 29. gxh5 Rxh5 30. e3 Kf7 31. Rad1 Rgh7 0-1

[Event "SC-2011-0-00105"]
[Site "LSS email"]
[Date "2011.06.27"]
[Round "?"]
[White "Richter, Klaus"]
[Black "Aydin, Nejat"]
[Result "0-1"]
[WhiteElo "1581"]
[BlackElo "1880"]
[PlyCount "92"]
[EventDate "2011.05.12"]
[EventType "tourn (corr)"]
[EventRounds "6"]
[EventCountry "GER"]
[SourceTitle "Telechess CBM 157"]
[Source "ChessBase"]
[SourceDate "2013.11.12"]
[SourceVersion "1"]
[SourceVersionDate "2013.11.12"]
[SourceQuality "1"]

1. d4 Nf6 2. f3 d5 3. e4 dxe4 4. Nc3 exf3 5. Nxf3 e6 6. Bg5 Be7 7. Qd2 0-0 8. Bd3 Na6 9. 0-0-0 Nb4 10. Kb1 Nxd3 11. Qxd3 b6 12. Ne4 Nxe4 13. Qxe4 Rb8 14. h4 f6 15. Bf4 b5 16. h5 Rb6 17. Qd3 Qd5 18. Nd2 Rc6 19. Nb3 b4 20. Rd2 a5 21. Qf3 a4 22. Nc1 Qxf3 23. gxf3 Rd8 24. Re1 Rd5 25. h6 g6 26. Be3 a3 27. Nb3 axb2 28. Kxb2 Kf7 29. Nc5 e5 30. Nb3 Bd6 31. dxe5 Rxe5 32. Rdd1 Rc3 33. Rd3 Re7 34. Bd2 Rxe1 35. Bxe1 Rxd3 36. cxd3 Bb7 37. Nd2 g5 38. Kb3 Bd5+ 39. Nc4 c5 40. Kc2 Bxc4 41. dxc4 Kg6 42. Kd3 Kxh6 43. Ke4 Kg6 44. Kd5 Bf8 45. Ke4 h5 46. Bf2 h4 0-1

[Event "LSS SE-2010-0-00055"]
[Site "LSS email"]
[Date "2010.10.07"]
[Round "?"]
[White "Zwaneveld, Ansel"]
[Black "Aydin, Nejat"]
[Result "0-1"]
[WhiteElo "1240"]
[BlackElo "1200"]
[PlyCount "60"]
[EventDate "2010.07.21"]
[EventType "tourn (corr)"]
[EventRounds "6"]
[EventCountry "GER"]
[SourceTitle "Telechess CBM 143"]
[Source "ChessBase"]
[SourceDate "2011.07.15"]
[SourceVersion "1"]
[SourceVersionDate "2011.07.15"]
[SourceQuality "1"]

1. d4 Nf6 2. Nf3 g6 3. g3 Bg7 4. Bg2 0-0 5. 0-0 d6 6. Bg5 c5 7. c3 Qb6 8. Qc1 Nc6 9. Bxf6 Bxf6 10. d5 Ne5 11. Nxe5 Bxe5 12. Nd2 Qa6 13. e4 b5 14. f4 Bg7 15. Qc2 Rb8 16. Rfe1 e6 17. a4 exd5 18. axb5 Qxb5 19. Reb1 dxe4 20. Nxe4 Rd8 21. c4 Bd4+ 22. Kh1 Qb6 23. Ra4 Bf5 24. b3 Re8 25. Re1 Re7 26. h3 Rbe8 27. g4 Bxe4 28. Rxe4 Rxe4 29. Bxe4 Rxe4 30. Qxe4 Qxb3 0-1

[Event "IECG CB.2005.0.00140 email"]
[Site "IECG email"]
[Date "2005.07.19"]
[Round "?"]
[White "Dautovic, Dzenan"]
[Black "Aydin, Nejat"]
[Result "0-1"]
[WhiteElo "1900"]
[BlackElo "1800"]
[PlyCount "74"]
[EventDate "2005.07.19"]
[EventType "tourn (corr)"]
[EventRounds "6"]
[SourceTitle "Corr 2008"]
[Source "ChessBase"]
[SourceDate "2008.06.24"]
[SourceVersion "1"]
[SourceVersionDate "2008.06.24"]
[SourceQuality "1"]

1. e4 d5 2. exd5 Qxd5 3. Nc3 Qa5 4. d4 Nf6 5. Nf3 Bg4 6. h3 Bh5 7. g4 Bg6 8. Ne5 e6 9. Bg2 Be4 10. Bxe4 Nxe4 11. Qf3 Nd6 12. Bf4 f6 13. Nd3 Nc6 14. Qe3 Kf7 15. Nc5 Re8 16. Nb3 Nc4 17. Nxa5 Nxe3 18. fxe3 Nxa5 19. Bxc7 Nc4 20. 0-0-0 Nxe3 21. Rd3 Nc4 22. Ne4 Rc8 23. Bg3 h5 24. Rhd1 hxg4 25. hxg4 Be7 26. Rf1 Kg6 27. b3 f5 28. bxc4 fxe4 29. Rb3 Rxc4 30. Rxb7 Bf6 31. Rxa7 Rhc8 32. Ra6 Rxc2+ 33. Kb1 R2c4 34. Rxe6 Rxd4 35. Be5 Rb4+ 36. Ka1 Kf7 37. Ra6 Rc1+ 0-1